000 00288nam a22001337a 4500
008 170315b xxu||||| |||| 00| 0 eng d
020 _a0721634117
041 _aeng
080 _27 ED
_a591
100 _a7
101 _aSHM
245 _aMEDICAL PARASITOLOGY
_cJOHN.M.V
942 _2udc
_cBK
999 _c7825
_d7825